<?xml version="1.0" encoding="UTF-8"?>
<record
    xmlns:xsi="http://www.w3.org/2001/XMLSchema-instance"
    xsi:schemaLocation="http://www.loc.gov/MARC21/slim http://www.loc.gov/standards/marcxml/schema/MARC21slim.xsd"
    xmlns="http://www.loc.gov/MARC21/slim">

  <leader>01544nam a22002537a 4500</leader>
  <controlfield tag="003">OSt</controlfield>
  <controlfield tag="005">20260601212623.0</controlfield>
  <controlfield tag="008">160216b2008    xxu||||| |||| 00| 0 esp d</controlfield>
  <datafield tag="040" ind1=" " ind2=" ">
    <subfield code="c">DO-SdBHA</subfield>
    <subfield code="a">DO-SdBHA</subfield>
    <subfield code="b">spa</subfield>
  </datafield>
  <datafield tag="041" ind1="0" ind2=" ">
    <subfield code="a">spa</subfield>
  </datafield>
  <datafield tag="090" ind1=" " ind2=" ">
    <subfield code="a">CT MA-SDN 0002 </subfield>
    <subfield code="b">EGAEE 2008</subfield>
  </datafield>
  <datafield tag="100" ind1="1" ind2=" ">
    <subfield code="a">Santos Bonilla, Pedro Pablo</subfield>
    <subfield code="e">sustentante</subfield>
  </datafield>
  <datafield tag="245" ind1="1" ind2="0">
    <subfield code="a">Capacidades de inteligencia estrat&#xE9;gica en el Estado Dominicano / </subfield>
    <subfield code="c">Pedro Pablo Santos Bonilla ; asesor  Justo Orlando Del Orbe Pi&#xF1;a.</subfield>
  </datafield>
  <datafield tag="260" ind1=" " ind2=" ">
    <subfield code="a">Santo Domingo :</subfield>
    <subfield code="b">INSUDE, </subfield>
    <subfield code="c">2008.</subfield>
  </datafield>
  <datafield tag="300" ind1=" " ind2=" ">
    <subfield code="a">xxix, 76 p&#xE1;ginas</subfield>
  </datafield>
  <datafield tag="502" ind1=" " ind2=" ">
    <subfield code="a">Tesis (Maestr&#xED;a Defensa y Seguridad Nacional). -- Instituto Superior para la Defensa (INSUDE). Escuela de Graduados en Altos Estudios Estrat&#xE9;gico, 2008</subfield>
  </datafield>
  <datafield tag="504" ind1=" " ind2=" ">
    <subfield code="a">Incluye referencias bibliogr&#xE1;ficas e &#xED;ndices</subfield>
  </datafield>
  <datafield tag="505" ind1=" " ind2=" ">
    <subfield code="a">Geograf&#xED;a y geopol&#xED;tica de la Rep&#xFA;blica Dominicana, origen, evoluci&#xF3;n, importancia. -- Definiciones. -- Proceso para su producci&#xF3;n y finalidad de la inteligencia. -- Estructura inteligencia militar del Estado Dominicano. -- La Inteligencia estrat&#xE9;gica: Conceptualizaciones, componentes, tipos, vinculaciones con el estado  y su rol en la actualidad. -- An&#xE1;lisis e las capacidades de inteligencia estrat&#xE9;gica en el estado dominicano.
</subfield>
  </datafield>
  <datafield tag="650" ind1=" " ind2="4">
    <subfield code="a">Servicio secreto -- Rep&#xFA;blica Dominicana</subfield>
  </datafield>
  <datafield tag="650" ind1=" " ind2="4">
    <subfield code="a">Extranjeros ilegales -- Hait&#xED; -- L&#xED;mites</subfield>
  </datafield>
  <datafield tag="700" ind1="1" ind2=" ">
    <subfield code="a">Del Orbe Pi&#xF1;a, Justo Orlando</subfield>
    <subfield code="e">asesor</subfield>
  </datafield>
  <datafield tag="830" ind1=" " ind2=" ">
    <subfield code="a">INSUDE. Escuela de Graduados en Altos Estudios Estrat&#xE9;gico. Tesis y disertaciones acad&#xE9;micas</subfield>
  </datafield>
  <datafield tag="942" ind1=" " ind2=" ">
    <subfield code="2">CL</subfield>
    <subfield code="c">T</subfield>
  </datafield>
  <datafield tag="999" ind1=" " ind2=" ">
    <subfield code="c">169</subfield>
    <subfield code="d">169</subfield>
  </datafield>
  <datafield tag="952" ind1=" " ind2=" ">
    <subfield code="0">0</subfield>
    <subfield code="1">0</subfield>
    <subfield code="2">CL</subfield>
    <subfield code="4">0</subfield>
    <subfield code="7">1</subfield>
    <subfield code="8">TG</subfield>
    <subfield code="a">BJHA</subfield>
    <subfield code="b">BJHA</subfield>
    <subfield code="c">GEN</subfield>
    <subfield code="d">2016-02-16</subfield>
    <subfield code="i">08-00196</subfield>
    <subfield code="l">0</subfield>
    <subfield code="o">CT MA-SDN 0002 EGAEE 2008</subfield>
    <subfield code="p">08-00196</subfield>
    <subfield code="r">2018-10-06 00:00:00</subfield>
    <subfield code="t">e.1</subfield>
    <subfield code="w">2016-02-16</subfield>
    <subfield code="y">T</subfield>
  </datafield>
</record>
